| 000 | 00368nam a2200157Ia 4500 | ||
|---|---|---|---|
| 003 | Ost | ||
| 005 | 20260225132553.0 | ||
| 008 | 260225s9999||||xx |||||||||||||| ||und|| | ||
| 040 | _cfsic | ||
| 041 | _afre | ||
| 082 | _a440 | ||
| 100 |
_aInga Brandell _eAuteur |
||
| 245 | 0 | _aLes rapports Franco-Algériens depuis 1962 / | |
| 245 | 0 | _cInga Brandell | |
| 942 | _cكتاب | ||
| 999 |
_c34288 _d34288 |
||